| 000 | 02084nam a22003737a 4500 | ||
|---|---|---|---|
| 001 | 42835 | ||
| 003 | gtgccic | ||
| 005 | 20251015100436.0 | ||
| 007 | ta | ||
| 008 | 251014b gt ||||| |||| 00| 0 spa d | ||
| 040 |
_agtgccic _bspa _cgtgccic _erda |
||
| 084 | _0TPI-15-0067 | ||
| 100 | 1 | 0 |
_aGabriela María Díaz Domínguez _dIngeniera en Ciencias y Sistemas _eautor |
| 245 | 1 | 0 |
_aCarpooling GT, aplicación para compartir vehículos / _cDíaz Domínguez, Gabriela María |
| 264 | 1 |
_aGuatemala, Guatemala : _bUSAC, Facultad de Ingeniería ; _c2015.- |
|
| 300 |
_axxvi, 73 p. : _bil. ; _c27 cm |
||
| 336 |
_2rdacontenido _aTexto _btxt |
||
| 337 |
_2rdamedio _asin mediación _bn |
||
| 338 |
_2rdasoporte _avolumen _bnc |
||
| 502 |
_aTesis Postgrado _bMAESTRO EN TECNOLOGÍAS DE LA INFORMACIÓN Y COMUNICACIÓN _cUSAC, Facultad de Ingeniería, Escuela de Postgrado _d2015 _oTPI-15-0067 |
||
| 504 | _aBibliografía pag. 69 | ||
| 505 | _t1. ANTECEDENTES | ||
| 505 | _t2. JUSTIFICACIÓN | ||
| 505 | _t3. ALCANCES | ||
| 505 | _t4. MARCO TEÓRICO | ||
| 505 | _t5. PRESENTACIÓN DE RESULTADOS | ||
| 505 | _t6. DISCUSIÓN DE RESULTADOS | ||
| 520 | 3 | _aEn Guatemala, la mayoría de las personas se movilizan diariamente de diferentes formas, por medio de vehículo, taxi, caminando, bicicleta u otro medio de transporte. La mayoría de vehículos transportan a una persona. A través del carpooling, el vehículo puede trasladar varias personas y de esta forma mejorar la fluidez del tránsito. Carpooling GT es una nueva opción de aplicaciones móviles orientadas al concepto de carpooling para movilizarse dentro de la ciudad de Guatemala. Las personas cuentan con tiempo limitado para realizar sus actividades, el prototipo por su portabilidad hace al prototipo accesible y reduce el tiempo que el usuario invierte en buscar cómo movilizarse. Para que el tiempo de respuesta sea menor, se utilizó una arquitectura MVC. | |
| 650 | _aVEHÍCULOS | ||
| 650 | _aMOVILIDAD | ||
| 700 |
_aInga. MS. Xiomara Cabrera de Anzueto _easesor |
||
| 942 |
_2ddc _cTPS |
||
| 945 | _aamlo | ||
| 999 |
_c2329 _d2329 |
||